[Event "GBR-ch90"]
[Site "Edinburgh"]
[Date "2003.07.28"]
[Round "7.9"]
[White "Mannion, Stephen"]
[Black "Summerscale, Aaron"]
[Result "0-1"]
[WhiteElo "2339"]
[BlackElo "2492"]
[PlyCount "100"]
[EventDate "2003.07.21"]
[EventType "swiss"]
[EventRounds "11"]
[EventCountry "GBR"]
[SourceTitle "BritBase"]
[Source "John Saunders"]
[SourceDate "2008.07.14"]
[SourceVersion "1"]
[SourceVersionDate "2008.07.14"]
[SourceQuality "2"]

1. e4 e6 2. d4 d5 3. Nd2 Nf6 4. e5 Nfd7 5. c3 c5 6. Ngf3 Nc6 7. Bd3 Be7 8. O-O
g5 9. Kh1 g4 10. Ng1 h5 11. Ne2 Qb6 12. Qa4 cxd4 13. cxd4 Qb4 14. Bb5 Qxa4 15.
Bxa4 Nb6 16. Bxc6+ bxc6 17. Nb3 a5 18. Bd2 a4 19. Na5 Ba6 20. Rfe1 c5 21. Nc6
Bf8 22. dxc5 Bxc5 23. Ned4 Nc4 24. Bc3 Bb7 25. b4 Bb6 26. b5 Na3 27. Rec1 Kd7
28. Nb4 Rhc8 29. Bb2 Nc4 30. Bc3 Nxe5 31. Ne2 f6 32. Bd4 Bxd4 33. Nxd4 Rxc1+
34. Rxc1 Rc8 35. Rxc8 Bxc8 36. f4 gxf3 37. gxf3 Kd6 38. f4 Nc4 39. Nd3 e5 40.
fxe5+ fxe5 41. Ne2 Bf5 42. Nf2 Kc5 43. Kg2 d4 44. Kg3 Bb1 45. Nc1 Kxb5 46. Kh4
e4 47. Kxh5 e3 48. Nh3 d3 49. Nxd3 Bxd3 50. Nf4 Ne5 0-1

[Event "GBR-ch90"]
[Site "Edinburgh"]
[Date "2003.07.28"]
[Round "7.10"]
[White "Sattar, Reefat Bin"]
[Black "Singh, Gurpreetpal"]
[Result "1/2-1/2"]
[WhiteElo "2475"]
[BlackElo "2293"]
[PlyCount "105"]
[EventDate "2003.07.21"]
[EventType "swiss"]
[EventRounds "11"]
[EventCountry "GBR"]
[SourceTitle "BritBase"]
[Source "John Saunders"]
[SourceDate "2008.07.14"]
[SourceVersion "1"]
[SourceVersionDate "2008.07.14"]
[SourceQuality "2"]

1. e4 e6 2. d4 d5 3. Nc3 Bb4 4. e5 c5 5. Bd2 Ne7 6. a3 Bxc3 7. Bxc3 Nbc6 8. Nf3
cxd4 9. Bxd4 Nxd4 10. Qxd4 Nc6 11. Bb5 O-O 12. Bxc6 bxc6 13. O-O Qb6 14. b4 Ba6
15. Rfe1 Bc4 16. Qc5 Rab8 17. Nd4 Rfc8 18. f4 h6 19. f5 exf5 20. e6 Rc7 21.
Nxf5 fxe6 22. Rxe6 Kh7 23. Rae1 Qxc5+ 24. bxc5 Rb5 25. g4 Rxc5 26. Re7 Rxe7 27.
Rxe7 Kg6 28. h4 Kf6 29. h5 g6 30. hxg6 Kxg6 31. Kf2 Bb5 32. Nd4 Rc4 33. Ke3 Ba4
34. Re6+ Kh7 35. Kd3 c5 36. Nb3 Bxb3 37. Re7+ Kg6 38. cxb3 Rxg4 39. Rxa7 Rg3+
40. Kc2 h5 41. Rd7 d4 42. b4 Rc3+ 43. Kd2 Kf5 44. bxc5 Ke4 45. Re7+ Kd5 46. Rh7
Rh3 47. a4 Kxc5 48. a5 Kc4 49. Rc7+ Kb5 50. Rd7 Rh2+ 51. Kd3 h4 52. Rd5+ Ka6
53. Rxd4 1/2-1/2

[Event "GBR-ch90"]
[Site "Edinburgh"]
[Date "2003.07.28"]
[Round "7.11"]
[White "Swathi, Ghate"]
[Black "Sundararajan, Kidambi"]
[Result "1/2-1/2"]
[WhiteElo "2299"]
[BlackElo "2442"]
[PlyCount "73"]
[EventDate "2003.07.21"]
[EventType "swiss"]
[EventRounds "11"]
[EventCountry "GBR"]
[SourceTitle "BritBase"]
[Source "John Saunders"]
[SourceDate "2008.07.14"]
[SourceVersion "1"]
[SourceVersionDate "2008.07.14"]
[SourceQuality "2"]

1. e4 c5 2. Nf3 d6 3. d4 cxd4 4. Nxd4 Nf6 5. Nc3 e6 6. Be2 a6 7. f4 Qc7 8. Be3
Nbd7 9. Bf3 Rb8 10. a4 b6 11. g4 e5 12. Nb3 exf4 13. Bxf4 h6 14. h3 Ne5 15. Bg2
Be7 16. Nd4 O-O 17. g5 hxg5 18. Bxg5 Qc5 19. O-O Nf3+ 20. Rxf3 Qxg5 21. Kh1 Bd7
22. Qd3 Qe5 23. Nf5 Bd8 24. Ne3 b5 25. Raf1 Be6 26. axb5 axb5 27. b4 Rc8 28.
Ned5 Rc4 29. Re3 Rd4 30. Qe2 Bxd5 31. Nxd5 Nxd5 32. exd5 Qg5 33. c3 Rf4 34.
Rxf4 Qxf4 35. Rf3 Qc1+ 36. Bf1 Bf6 37. Qxb5 1/2-1/2

[Event "GBR-ch90"]
[Site "Edinburgh"]
[Date "2003.07.28"]
[Round "7.13"]
[White "Haslinger, Stewart"]
[Black "Webb, Laurence"]
[Result "1/2-1/2"]
[WhiteElo "2414"]
[BlackElo "2325"]
[PlyCount "127"]
[EventDate "2003.07.21"]
[EventType "swiss"]
[EventRounds "11"]
[EventCountry "GBR"]
[SourceTitle "BritBase"]
[Source "John Saunders"]
[SourceDate "2008.07.14"]
[SourceVersion "1"]
[SourceVersionDate "2008.07.14"]
[SourceQuality "2"]

1. e4 e5 2. Nf3 Nc6 3. Nc3 Nf6 4. g3 Bc5 5. Bg2 d6 6. d3 a6 7. h3 h6 8. Be3
Bxe3 9. fxe3 Be6 10. d4 d5 11. exd5 Nxd5 12. Nxd5 Bxd5 13. Qe2 O-O 14. dxe5 Qe7
15. O-O Bxf3 16. Rxf3 Nxe5 17. Rf4 c6 18. Raf1 Rad8 19. Kh2 g6 20. Rd4 h5 21.
c3 Rd6 22. Rfd1 Rfd8 23. R1d2 Kg7 24. b3 Qc7 25. Qd1 R6d7 26. Rxd7 Rxd7 27.
Rxd7 Qxd7 28. Qd4 Qe7 29. b4 f6 30. a4 Nf7 31. Bf1 Ng5 32. Bg2 Nf7 33. Qe4 Qxe4
34. Bxe4 f5 35. Bd3 Kf6 36. Kg2 Ke5 37. g4 fxg4 38. hxg4 hxg4 39. Bxg6 Nd6 40.
Bd3 Ne4 41. c4 c5 42. bxc5 Nxc5 43. Bc2 Ne4 44. Bd1 Nc3 45. Bc2 Ne4 46. Bd1 Nd6
47. Bxg4 Nxc4 48. Kf2 Kd6 49. Bc8 Kc6 50. Be6 Nb2 51. Bb3 Kc5 52. e4 Kb4 53.
Bd5 b6 54. Ke3 Nxa4 55. Kd4 Nc3 56. Bc4 b5 57. Bd3 Na4 58. e5 Nc5 59. Bf5 a5
60. e6 Nxe6+ 61. Bxe6 a4 62. Bd7 a3 63. Be6 Ka4 64. Kc3 1/2-1/2

[Event "GBR-ch90"]
[Site "Edinburgh"]
[Date "2003.07.28"]
[Round "7.14"]
[White "Gwaze, Robert"]
[Black "McNab, Colin Anderson"]
[Result "1-0"]
[WhiteElo "2335"]
[BlackElo "2395"]
[PlyCount "109"]
[EventDate "2003.07.21"]
[EventType "swiss"]
[EventRounds "11"]
[EventCountry "GBR"]
[SourceTitle "BritBase"]
[Source "John Saunders"]
[SourceDate "2008.07.14"]
[SourceVersion "1"]
[SourceVersionDate "2008.07.14"]
[SourceQuality "2"]

1. e4 g6 2. d4 d6 3. Nc3 Bg7 4. Be3 Nf6 5. Qd2 c6 6. O-O-O b5 7. f3 Qa5 8. Kb1
Nbd7 9. Bh6 Bxh6 10. Qxh6 Bb7 11. Nh3 O-O-O 12. Qe3 Qb6 13. Qe1 e5 14. d5 a6
15. dxc6 Qxc6 16. Nf2 Nc5 17. Nd3 Nxd3 18. cxd3 Kb8 19. d4 Qb6 20. Qh4 exd4 21.
Ne2 d5 22. Qf4+ Ka8 23. e5 d3 24. Nc1 Nd7 25. Nxd3 Rhf8 26. Re1 d4 27. Qh4 Rde8
28. Qxh7 Bd5 29. Qh4 Rh8 30. Qf2 g5 31. h4 gxh4 32. Rxh4 Rxh4 33. Qxh4 Bb7 34.
Qf2 Nf8 35. f4 Ne6 36. Be2 Ka7 37. Bf3 Bxf3 38. Qxf3 Rc8 39. f5 Nc5 40. Rc1 Rc7
41. Nb4 Qb7 42. Qd5 Qc8 43. Qxd4 Qxf5+ 44. Ka1 Kb8 45. Qd8+ Qc8 46. Qd6 Ka7 47.
Qd4 Kb7 48. Rf1 Rd7 49. Rxf7 Rxf7 50. Qd5+ Kb6 51. Qxf7 Ka5 52. Qf3 Na4 53. Nd3
Qc2 54. Qf1 b4 55. e6 1-0

[Event "GBR-ch90"]
[Site "Edinburgh"]
[Date "2003.07.28"]
[Round "7.15"]
[White "Hunt, Adam C"]
[Black "Redpath, Joseph"]
[Result "1-0"]
[WhiteElo "2395"]
[BlackElo "2194"]
[PlyCount "65"]
[EventDate "2003.07.21"]
[EventType "swiss"]
[EventRounds "11"]
[EventCountry "GBR"]
[SourceTitle "BritBase"]
[Source "John Saunders"]
[SourceDate "2008.07.14"]
[SourceVersion "1"]
[SourceVersionDate "2008.07.14"]
[SourceQuality "2"]

1. e4 g6 2. d4 Bg7 3. Nc3 d6 4. Be3 a6 5. a4 b6 6. Nf3 e6 7. Qd2 h6 8. Bd3 Ne7
9. O-O Bb7 10. Rfe1 Nd7 11. h3 g5 12. Rad1 Ng6 13. Ne2 Nf6 14. Ng3 g4 15. hxg4
Nxg4 16. Nh5 Bf8 17. Bf4 Nh4 18. Be2 Rg8 19. Bg3 Ng6 20. e5 Be7 21. Qc3 Kf8 22.
Nd2 Nh4 23. f3 Ne3 24. Qxe3 Nf5 25. Qf2 Nxg3 26. Nxg3 Bh4 27. Ndf1 Rxg3 28.
Nxg3 Qg5 29. f4 Qxg3 30. Qxg3 Bxg3 31. Rf1 Ke7 32. Bf3 d5 33. Bh5 1-0

[Event "GBR-ch90"]
[Site "Edinburgh"]
[Date "2003.07.28"]
[Round "7.16"]
[White "Howell, David W"]
[Black "Al Rakib, Abdullah"]
[Result "1/2-1/2"]
[WhiteElo "2323"]
[BlackElo "2387"]
[PlyCount "149"]
[EventDate "2003.07.21"]
[EventType "swiss"]
[EventRounds "11"]
[EventCountry "GBR"]
[SourceTitle "BritBase"]
[Source "John Saunders"]
[SourceDate "2008.07.14"]
[SourceVersion "1"]
[SourceVersionDate "2008.07.14"]
[SourceQuality "2"]

1. e4 e5 2. Nf3 Nc6 3. Bb5 g6 4. c3 a6 5. Ba4 d6 6. d4 Bd7 7. O-O Bg7 8. d5
Nce7 9. Bxd7+ Qxd7 10. c4 c6 11. Nc3 cxd5 12. Nxd5 Nxd5 13. Qxd5 Nf6 14. Qd3
Qc6 15. Re1 O-O 16. Bg5 Rfc8 17. Bxf6 Bxf6 18. b3 b5 19. Rac1 Qb6 20. Rc2 Rc5
21. b4 Rc6 22. Rec1 Rac8 23. Qd5 Be7 24. g3 Qc7 25. c5 Qd8 26. Rd1 dxc5 27.
Nxe5 Re6 28. Rxc5 Rxc5 29. bxc5 Rxe5 30. Qxd8+ Bxd8 31. Rxd8+ Kg7 32. c6 Rc5
33. Rd6 b4 34. c7 Rxc7 35. Rxa6 h5 36. Kg2 Rc3 37. Rb6 Ra3 38. Rxb4 Rxa2 39.
Rb7 g5 40. Rb5 Kg6 41. Rb6+ Kg7 42. h4 g4 43. Rb5 Kg6 44. Rg5+ Kh6 45. Rf5 Kg6
46. Rg5+ Kh6 47. e5 Rb2 48. Kf1 Ra2 49. Ke1 Rb2 50. Rf5 Kg6 51. Rf6+ Kg7 52.
Kf1 Ra2 53. Rf5 Kg6 54. Rg5+ Kh6 55. Ke1 Rb2 56. e6 fxe6 57. Re5 Rb6 58. Ke2
Ra6 59. Ke3 Kg6 60. Kf4 Rb6 61. Rg5+ Kh6 62. Re5 Kg6 63. f3 gxf3 64. Kxf3 Rb3+
65. Kf4 Rb4+ 66. Ke3 Rb3+ 67. Kf4 Rb4+ 68. Re4 Rxe4+ 69. Kxe4 Kf6 70. g4 hxg4
71. Kf4 Kg6 72. Kxg4 e5 73. h5+ Kh6 74. Kf5 Kxh5 75. Kxe5 1/2-1/2

[Event "GBR-ch90"]
[Site "Edinburgh"]
[Date "2003.07.28"]
[Round "7.17"]
[White "Ghasi, Ameet"]
[Black "McDonald, Neil R"]
[Result "1/2-1/2"]
[WhiteElo "2305"]
[BlackElo "2384"]
[PlyCount "37"]
[EventDate "2003.07.21"]
[EventType "swiss"]
[EventRounds "11"]
[EventCountry "GBR"]
[SourceTitle "BritBase"]
[Source "John Saunders"]
[SourceDate "2008.07.14"]
[SourceVersion "1"]
[SourceVersionDate "2008.07.14"]
[SourceQuality "2"]

1. Nf3 f5 2. d4 Nf6 3. g3 g6 4. Bg2 Bg7 5. O-O O-O 6. c4 d6 7. Nc3 Qe8 8. d5
Na6 9. Nd4 Bd7 10. Rb1 c5 11. Ne6 Bxe6 12. dxe6 Rb8 13. e4 Nxe4 14. Nxe4 fxe4
15. Bxe4 b5 16. b3 Nb4 17. Qe2 bxc4 18. bxc4 Qa4 19. a3 1/2-1/2

[Event "GBR-ch90"]
[Site "Edinburgh"]
[Date "2003.07.28"]
[Round "7.18"]
[White "Addison, Bret C"]
[Black "Collins, Sam IRL"]
[Result "0-1"]
[WhiteElo "2251"]
[BlackElo "2381"]
[PlyCount "96"]
[EventDate "2003.07.21"]
[EventType "swiss"]
[EventRounds "11"]
[EventCountry "GBR"]
[SourceTitle "BritBase"]
[Source "John Saunders"]
[SourceDate "2008.07.14"]
[SourceVersion "1"]
[SourceVersionDate "2008.07.14"]
[SourceQuality "2"]

1. c4 e6 2. Nf3 d5 3. b3 Nf6 4. g3 dxc4 5. bxc4 e5 6. Bb2 e4 7. Ne5 h5 8. Bg2
Bc5 9. d4 exd3 10. Nxd3 Bd4 11. Nc3 c6 12. Qb3 Qb6 13. O-O h4 14. e3 Qxb3 15.
axb3 Bb6 16. Na4 Bc7 17. e4 h3 18. Bh1 O-O 19. Rfe1 Na6 20. e5 Nh7 21. Nac5
Nxc5 22. Nxc5 Ng5 23. Ba3 Rd8 24. f4 Ne6 25. Nxe6 Bxe6 26. Rad1 Bg4 27. Rxd8+
Rxd8 28. Be4 Rd2 29. Bc5 a5 30. Bf2 g6 31. c5 Be6 32. Rb1 Bd8 33. Kf1 Kh7 34.
Ke1 Ra2 35. Bd3 Be7 36. Bc4 Rc2 37. Bxe6 fxe6 38. Rd1 Bxc5 39. Rd7+ Kh6 40.
Bxc5 Rxc5 41. Rxb7 Rc2 42. Kf1 Rxh2 43. Kg1 Rg2+ 44. Kh1 Rxg3 45. Kh2 Rf3 46.
Rb6 g5 47. Rxc6 g4 48. Rxe6+ Kh5 0-1

[Event "GBR-ch90"]
[Site "Edinburgh"]
[Date "2003.07.28"]
[Round "7.20"]
[White "Shaw, John Kerr"]
[Black "Woodward, Timothy"]
[Result "1/2-1/2"]
[WhiteElo "2480"]
[BlackElo "2285"]
[PlyCount "67"]
[EventDate "2003.07.21"]
[EventType "swiss"]
[EventRounds "11"]
[EventCountry "GBR"]
[SourceTitle "BritBase"]
[Source "John Saunders"]
[SourceDate "2008.07.14"]
[SourceVersion "1"]
[SourceVersionDate "2008.07.14"]
[SourceQuality "2"]

1. e4 c6 2. Nc3 d5 3. Nf3 Bg4 4. h3 Bh5 5. exd5 cxd5 6. g4 Bg6 7. Bb5+ Nc6 8.
Ne5 Rc8 9. h4 f6 10. Nxg6 hxg6 11. d4 e6 12. Qd3 Kf7 13. h5 gxh5 14. Rxh5 Rxh5
15. gxh5 f5 16. Bxc6 bxc6 17. Bd2 Qh4 18. O-O-O Bd6 19. Qa6 Ne7 20. Qxa7 Qxf2
21. Bg5 Bf4+ 22. Bxf4 Qxf4+ 23. Kb1 Qe3 24. Qa6 c5 25. Qf1 cxd4 26. Nb5 Rc6 27.
Nxd4 Rc4 28. c3 e5 29. Nf3 Rf4 30. Ng5+ Kf6 31. Nh7+ Kf7 32. Ng5+ Kf6 33. Nh7+
Kf7 34. Ng5+ 1/2-1/2

[Event "GBR-ch90"]
[Site "Edinburgh"]
[Date "2003.07.28"]
[Round "7.21"]
[White "Hossain, Enamul"]
[Black "Thomas, Nicholas"]
[Result "1-0"]
[WhiteElo "2452"]
[BlackElo "2281"]
[PlyCount "89"]
[EventDate "2003.07.21"]
[EventType "swiss"]
[EventRounds "11"]
[EventCountry "GBR"]
[SourceTitle "BritBase"]
[Source "John Saunders"]
[SourceDate "2008.07.14"]
[SourceVersion "1"]
[SourceVersionDate "2008.07.14"]
[SourceQuality "2"]

1. e4 e6 2. d3 d5 3. Nd2 Nf6 4. Ngf3 Nc6 5. c3 a5 6. e5 Nd7 7. d4 f6 8. Bb5
fxe5 9. dxe5 Be7 10. O-O O-O 11. Re1 Qe8 12. Nf1 Qf7 13. Ng3 Nc5 14. Be3 Bd7
15. Qe2 Qe8 16. Bxc6 Bxc6 17. Nd4 Bh4 18. Nh5 Qe7 19. Qg4 Nd3 20. g3 Nxe1 21.
Rxe1 Be8 22. gxh4 Bxh5 23. Qxh5 c5 24. Nb5 Rf5 25. Bg5 Qd7 26. Nd6 Rff8 27. Qg4
Kh8 28. h5 h6 29. Be3 b6 30. a4 Rg8 31. Qg6 Raf8 32. b3 Rf3 33. Qg4 Rgf8 34.
Rd1 c4 35. Rxd5 cxb3 36. Rb5 Qc6 37. Qc4 Qa8 38. Qe4 Qd8 39. Rxb3 Rxe3 40. Qxe3
Qh4 41. c4 Qg4+ 42. Qg3 Qxh5 43. Rxb6 Qd1+ 44. Kg2 Qxa4 45. Rb7 1-0

[Event "GBR-ch90"]
[Site "Edinburgh"]
[Date "2003.07.28"]
[Round "7.22"]
[White "Williams, Simon K"]
[Black "Martyn, Rafe"]
[Result "1/2-1/2"]
[WhiteElo "2381"]
[BlackElo "2266"]
[PlyCount "204"]
[EventDate "2003.07.21"]
[EventType "swiss"]
[EventRounds "11"]
[EventCountry "GBR"]
[SourceTitle "BritBase"]
[Source "John Saunders"]
[SourceDate "2008.07.14"]
[SourceVersion "1"]
[SourceVersionDate "2008.07.14"]
[SourceQuality "2"]

1. d4 Nf6 2. c4 e6 3. Nf3 b6 4. g3 Bb7 5. Nc3 d5 6. cxd5 Nxd5 7. Bd2 Be7 8. Qc2
O-O 9. e4 Nxc3 10. Bxc3 Nd7 11. O-O-O c6 12. h4 h6 13. g4 Qb8 14. Be2 b5 15. g5
h5 16. g6 fxg6 17. e5 Rf5 18. d5 cxd5 19. Nd4 Nxe5 20. Nxf5 exf5 21. Rhg1 a6
22. Bxh5 d4 23. Rxd4 Bf6 24. f4 Ng4 25. Bxg4 Bxd4 26. Bxd4 Qxf4+ 27. Qd2 Rc8+
28. Bc3 Qxd2+ 29. Kxd2 fxg4 30. Rxg4 Rd8+ 31. Ke3 Rd6 32. Be5 Bc8 33. Re4 Rd5
34. Bc3 Bf5 35. Re8+ Kf7 36. Ra8 Rd6 37. Kf4 Ke6 38. Bxg7 Bd3 39. Bc3 Rc6 40.
Bd4 Bc2 41. Re8+ Kd5 42. Bc3 Re6 43. Rd8+ Rd6 44. Rg8 Re6 45. Kg5 Rc6 46. Bf6
Ke6 47. Re8+ Kf7 48. Re7+ Kf8 49. Ra7 Rc5+ 50. Kg4 Rc6 51. Bc3 Re6 52. Kf4 Bb1
53. Rc7 Kg8 54. Be5 a5 55. Rc5 Bd3 56. Ke3 Bc4 57. a4 bxa4 58. Kf4 Bd3 59. Rxa5
Bc2 60. Rc5 Bd3 61. Rd5 Bb1 62. Ra5 Bc2 63. Kg5 Rc6 64. Bf6 Rc4 65. Bc3 Kf8 66.
Ra7 Ke8 67. Bf6 Kf8 68. Kh6 Bb1 69. Rg7 Ke8 70. Rb7 Kf8 71. Bg5 Bc2 72. Kh7 Bb1
73. Rd7 Bc2 74. Rb7 Bb1 75. Kh8 Bc2 76. Kh7 Bb1 77. Kh6 Bc2 78. Bf6 Bb1 79. Kg5
Bc2 80. Be5 Ke8 81. Kf6 Rxh4 82. Rb8+ Kd7 83. Rb7+ Ke8 84. Kg7 Re4 85. Bf6 Bb3
86. Rc7 Re2 87. Bg5 Re6 88. Bf6 Re2 89. Kxg6 Rg2+ 90. Bg5 Rxb2 91. Re7+ Kf8 92.
Re3 Rg2 93. Kf6 Rf2+ 94. Ke5 Rf1 95. Bf4 Ke8 96. Rc3 Re1+ 97. Kf5 Kd7 98. Rc7+
Kd8 99. Rg7 Re2 100. Bg5+ Ke8 101. Bf6 Rf2+ 102. Kg5 Rg2+ 1/2-1/2

[Event "GBR-ch90"]
[Site "Edinburgh"]
[Date "2003.07.28"]
[Round "7.23"]
[White "Anderton, Matthew N"]
[Black "Lee, Graham D"]
[Result "1-0"]
[WhiteElo "2237"]
[BlackElo "2360"]
[PlyCount "79"]
[EventDate "2003.07.21"]
[EventType "swiss"]
[EventRounds "11"]
[EventCountry "GBR"]
[SourceTitle "BritBase"]
[Source "John Saunders"]
[SourceDate "2008.07.14"]
[SourceVersion "1"]
[SourceVersionDate "2008.07.14"]
[SourceQuality "2"]

1. e4 c6 2. d4 d5 3. exd5 cxd5 4. c4 Nf6 5. Nc3 Nc6 6. Nf3 Bg4 7. cxd5 Nxd5 8.
Qb3 Bxf3 9. gxf3 Nb6 10. Be3 e6 11. Rg1 Qc7 12. O-O-O Rd8 13. Kb1 Nd5 14. Rg5
Nxc3+ 15. bxc3 g6 16. Rb5 Rd7 17. d5 a6 18. Bb6 Qc8 19. dxc6 Rxd1+ 20. Qxd1 Be7
21. Qd7+ Qxd7 22. cxd7+ Kxd7 23. Bd4 Rb8 24. Ba7 axb5 25. Bxb8 b4 26. Kc2 bxc3
27. Kxc3 Bc5 28. Bb5+ Ke7 29. Bg3 g5 30. Kc4 Ba7 31. h4 Kf6 32. Kd3 Kg6 33. Be8
h6 34. hxg5 hxg5 35. a4 Kg7 36. Bd7 f5 37. f4 e5 38. fxg5 f4 39. Bh4 Kg6 40.
Be8+ 1-0

[Event "GBR-ch90"]
[Site "Edinburgh"]
[Date "2003.07.28"]
[Round "7.24"]
[White "Rudd, Jack"]
[Black "Mohota, Nisha"]
[Result "1-0"]
[WhiteElo "2219"]
[BlackElo "2321"]
[PlyCount "107"]
[EventDate "2003.07.21"]
[EventType "swiss"]
[EventRounds "11"]
[EventCountry "GBR"]
[SourceTitle "BritBase"]
[Source "John Saunders"]
[SourceDate "2008.07.14"]
[SourceVersion "1"]
[SourceVersionDate "2008.07.14"]
[SourceQuality "2"]

1. e4 c5 2. Nf3 d6 3. Nc3 e5 4. Bc4 Be7 5. O-O Nc6 6. d3 Nf6 7. Ng5 O-O 8. f4
h6 9. Nf3 exf4 10. Bxf4 Be6 11. Qd2 Kh7 12. Nd5 Bxd5 13. Bxd5 Nxd5 14. exd5 Ne5
15. Bxe5 dxe5 16. c4 Bf6 17. Rae1 Qc7 18. Qf2 Rae8 19. Kh1 g6 20. Nd4 Be7 21.
Nb5 Qb8 22. Qg3 a6 23. Nc3 f6 24. Qe3 Qc7 25. g4 Bd6 26. Ne4 f5 27. gxf5 gxf5
28. Ng3 Qd7 29. Rxf5 Rxf5 30. Qe4 Kg6 31. Rf1 Ref8 32. Qg4+ Kh7 33. Nxf5 Rf6
34. Rg1 Qf7 35. Nxd6 Rxd6 36. Qe4+ Kh8 37. Qxe5+ Kh7 38. h3 Rf6 39. Qe4+ Kh8
40. Qe3 Kh7 41. Kh2 Rf3 42. Qe4+ Kh8 43. d6 Rf6 44. Qe5 Kh7 45. Rg2 Qe6 46.
Qxe6 Rxe6 47. d4 cxd4 48. c5 Re5 49. b4 Rd5 50. Kg3 b6 51. Kf4 d3 52. Rd2 bxc5
53. bxc5 Kg6 54. Ke4 1-0

[Event "GBR-ch90"]
[Site "Edinburgh"]
[Date "2003.07.28"]
[Round "7.25"]
[White "Eggleston, David"]
[Black "Ramaswamy, Aarthie"]
[Result "1-0"]
[WhiteElo "2094"]
[BlackElo "2316"]
[PlyCount "61"]
[EventDate "2003.07.21"]
[EventType "swiss"]
[EventRounds "11"]
[EventCountry "GBR"]
[SourceTitle "BritBase"]
[Source "John Saunders"]
[SourceDate "2008.07.14"]
[SourceVersion "1"]
[SourceVersionDate "2008.07.14"]
[SourceQuality "2"]

1. e4 c5 2. Nf3 Nc6 3. Bb5 e6 4. O-O Nge7 5. c3 a6 6. Bxc6 Nxc6 7. d4 d5 8.
exd5 Qxd5 9. dxc5 Qxd1 10. Rxd1 Bxc5 11. Nbd2 O-O 12. Ne4 Be7 13. Be3 e5 14. h3
b5 15. Bc5 f5 16. Bxe7 Nxe7 17. Nc5 Ng6 18. Rd6 Rf6 19. Rd8+ Rf8 20. Rad1 e4
21. Ng5 h6 22. Nge6 Bxe6 23. Rxa8 Rxa8 24. Nxe6 Kf7 25. Nc5 Ne7 26. Kf1 a5 27.
a3 Rb8 28. Rd7 a4 29. Na6 Rb6 30. Nb4 Ke6 31. Rxe7+ 1-0

[Event "GBR-ch90"]
[Site "Edinburgh"]
[Date "2003.07.28"]
[Round "7.26"]
[White "Muir, Andrew J"]
[Black "Lyell, Mark"]
[Result "0-1"]
[WhiteElo "2316"]
[BlackElo "2256"]
[PlyCount "140"]
[EventDate "2003.07.21"]
[EventType "swiss"]
[EventRounds "11"]
[EventCountry "GBR"]
[SourceTitle "BritBase"]
[Source "John Saunders"]
[SourceDate "2008.07.14"]
[SourceVersion "1"]
[SourceVersionDate "2008.07.14"]
[SourceQuality "2"]

1. d4 f5 2. g3 g6 3. Bg2 Bg7 4. e4 fxe4 5. Bxe4 Nf6 6. Bg2 O-O 7. Nf3 d6 8. O-O
Bg4 9. h3 Bf5 10. Nc3 Qd7 11. Kh2 Ne4 12. Nd5 Nc6 13. g4 Be6 14. c4 Bf7 15. Qd3
e6 16. Ne7+ Qxe7 17. Qxe4 Rae8 18. Bg5 Qd7 19. Rad1 e5 20. d5 Nd4 21. Nxd4 exd4
22. Qf3 h5 23. Bf6 hxg4 24. hxg4 Bxf6 25. Qxf6 Qxg4 26. Rxd4 Qxg2+ 27. Kxg2
Bxd5+ 28. Rxd5 Rxf6 29. Rd2 Re4 30. b3 Rg4+ 31. Kh3 Re4 32. Kg3 Rfe6 33. Kf3
R4e5 34. Rh1 Kg7 35. Rh4 g5 36. Rhd4 Kf6 37. Rg4 Kf5 38. Rgd4 Rh6 39. Kg3 Rh1
40. f4 Re3+ 41. Kg2 Rh4 42. Rd5+ Kxf4 43. R2d4+ Re4 44. Rxe4+ Kxe4 45. Rxg5 Rh7
46. Rd5 Rf7 47. Rd1 Ke3 48. Re1+ Kd3 49. Kg3 Kc3 50. Kg2 a5 51. Re3+ Kd4 52.
Rh3 c6 53. Rh6 d5 54. cxd5 cxd5 55. Rb6 Kc3 56. Rb5 d4 57. Rxa5 d3 58. Rc5+ Kd4
59. Rc8 d2 60. Rd8+ Kc3 61. Rc8+ Kb2 62. Rd8 Kc2 63. Rc8+ Kd1 64. Rc5 Rf4 65.
Kg3 Rf6 66. Rd5 Ke2 67. Re5+ Kd3 68. Rd5+ Ke3 69. Rd7 Rg6+ 70. Kh3 Rg1 0-1

[Event "GBR-ch90"]
[Site "Edinburgh"]
[Date "2003.07.28"]
[Round "7.27"]
[White "Nixon, Thomas"]
[Black "Pritchett, Craig"]
[Result "1/2-1/2"]
[WhiteElo "2226"]
[BlackElo "2314"]
[PlyCount "144"]
[EventDate "2003.07.21"]
[EventType "swiss"]
[EventRounds "11"]
[EventCountry "GBR"]
[SourceTitle "BritBase"]
[Source "John Saunders"]
[SourceDate "2008.07.14"]
[SourceVersion "1"]
[SourceVersionDate "2008.07.14"]
[SourceQuality "2"]

1. d4 Nf6 2. c4 e6 3. Nf3 Bb4+ 4. Nbd2 b6 5. a3 Bxd2+ 6. Bxd2 Bb7 7. Bg5 d6 8.
Qd3 Nbd7 9. Nd2 h6 10. Bh4 g5 11. Bg3 Nh5 12. f3 Nxg3 13. hxg3 f5 14. g4 Qf6
15. gxf5 exf5 16. O-O-O O-O-O 17. Kb1 Rde8 18. e3 Re7 19. Be2 Rhe8 20. Nf1 f4
21. d5 a5 22. e4 Nc5 23. Qc2 a4 24. g4 Kb8 25. Ka2 Bc8 26. Nd2 Bd7 27. Nb1 Rh8
28. Nc3 Qe5 29. Rh2 Reh7 30. Rdh1 Be8 31. Qd2 h5 32. Bd1 h4 33. Rh3 Kb7 34. Ne2
Bd7 35. Nd4 Ra8 36. Bc2 Rhh8 37. Rd1 Rhe8 38. Qc3 Ra5 39. Kb1 Raa8 40. Kc1 Ra5
41. Kd2 Qh8 42. Re1 Re5 43. Re2 Ra8 44. Ke1 Qb8 45. Kf2 Qa7 46. Bd3 Qa5 47. Rc2
Qxc3 48. Rxc3 c6 49. Rh1 Kc7 50. Kg2 Nb7 51. Kh3 c5 52. Ne2 Ree8 53. Nc1 Nd8
54. Bb1 Nf7 55. Nd3 Reb8 56. Rh2 Ra5 57. Ba2 b5 58. Re2 bxc4 59. Bxc4 Bb5 60.
Rec2 Bxc4 61. Rxc4 Rb3 62. R4c3 Rxc3 63. bxc3 c4 64. Nb4 Ne5 65. Rf2 Rb5 66.
Rf1 Kb6 67. Kg2 Kc7 68. Kf2 Kd7 69. Kg2 Rb8 70. Kf2 Nd3+ 71. Ke2 Nxb4 72. cxb4
Rc8 1/2-1/2

[Event "GBR-ch90"]
[Site "Edinburgh"]
[Date "2003.07.28"]
[Round "7.28"]
[White "Greet, Andrew"]
[Black "Moore, Gerald"]
[Result "1-0"]
[WhiteElo "2297"]
[BlackElo "2252"]
[PlyCount "149"]
[EventDate "2003.07.21"]
[EventType "swiss"]
[EventRounds "11"]
[EventCountry "GBR"]
[SourceTitle "BritBase"]
[Source "John Saunders"]
[SourceDate "2008.07.14"]
[SourceVersion "1"]
[SourceVersionDate "2008.07.14"]
[SourceQuality "2"]

1. d4 Nf6 2. c4 g6 3. g3 Bg7 4. Bg2 O-O 5. Nc3 d6 6. Nf3 c5 7. dxc5 dxc5 8. O-O
Nc6 9. Be3 Be6 10. Bxc5 Qa5 11. Ba3 Bxc4 12. Nd2 Be6 13. Bxc6 bxc6 14. Bxe7
Rfe8 15. Bxf6 Bxf6 16. Qc2 Rab8 17. Rfc1 Qh5 18. b3 Bf5 19. e4 Bh3 20. Re1 Rbd8
21. Re3 Bd4 22. Rd3 Qc5 23. Nc4 Bxf2+ 24. Kh1 Rxd3 25. Qxd3 Bd4 26. Na4 Qh5 27.
Re1 Rd8 28. e5 Bf5 29. Qf1 Qg4 30. Qf4 Qxf4 31. gxf4 Rd5 32. Kg2 Bd3 33. Nab2
Bxb2 34. Nxb2 Bb5 35. Kg3 Rd2 36. Rb1 Rc2 37. a4 Be2 38. Nd1 Bxd1 39. Rxd1 Rc3+
40. Kg4 Rxb3 41. Rd7 h6 42. Rxa7 Rb2 43. h3 Rb3 44. a5 Ra3 45. a6 c5 46. h4 c4
47. f5 c3 48. Ra8+ Kh7 49. f6 c2 50. Rc8 Rxa6 51. Rxc2 Ra4+ 52. Kf3 h5 53. Rc7
Kg8 54. Rc8+ Kh7 55. Rf8 Ra7 56. Ke3 Rb7 57. Kd3 Ra7 58. Kc4 Rb7 59. Kc5 Ra7
60. Kc6 g5 61. hxg5 h4 62. Rxf7+ Rxf7 63. e6 h3 64. exf7 h2 65. f8=Q h1=Q+ 66.
Kc7 Qc1+ 67. Kd7 Qxg5 68. Qe7+ Kh8 69. Qf8+ Kh7 70. Qd6 Kg6 71. Ke7 Qe3+ 72.
Kf8 Qh6+ 73. Ke8 Qh8+ 74. Ke7 Qh7+ 75. f7+ 1-0